Our Divine Destiny (Record no. 209344)
[ view plain ]
| 000 -LEADER | |
|---|---|
| fixed length control field | 00579nam a22001817a 4500 |
| 005 - DATE AND TIME OF LATEST TRANSACTION | |
| control field | 20250219111247.0 |
| 010 ## - LCCN (DPL NO) | |
| LC control number | ENG-143860 |
| 020 ## - INTERNATIONAL STANDARD BOOK NUMBER | |
| International Standard Book Number | 9789352102631 |
| Terms of availability | 800.00 |
| 035 ## - SYSTEM CONTROL NUMBER | |
| System control number | EN-127392 |
| 037 ## - SOURCE OF ACQUISITION | |
| Source of stock number/acquisition | DBAD/PUB |
| 082 ## - DEWEY DECIMAL CLASSIFICATION NUMBER | |
| Classification number | 181.499 |
| 245 ## - TITLE STATEMENT | |
| Title | Our Divine Destiny |
| Statement of responsibility, etc | Compied by A.s. Dalal |
| 260 ## - PUBLICATION, DISTRIBUTION, ETC. (IMPRINT) | |
| Place of publication, distribution, etc | Pondicherry |
| Name of publisher, distributor, etc | Compiled by A.S.Dalal |
| Date of publication, distribution, etc | 2023 |
| 270 ## - ADDRESS | |
| Address | shi Aurobindo Ashram Publication Department |
| City | Pondicherry |
| Electronic mail address | htt://www.sabda.in |
| Postal code | 605002 |
| 300 ## - PHYSICAL DESCRIPTION | |
| Extent | 91p. |
| Dimensions | 18cm(pbk) |
| 700 ## - ADDED ENTRY--PERSONAL NAME | |
| Personal name | Complied by Dalal A.S. |
| 9 (RLIN) | 77984 |
| 942 ## - ADDED ENTRY ELEMENTS (KOHA) | |
| Source of classification or shelving scheme | Dewey Decimal Classification |
| Item type | English Books |
| Classification part | 181.499 |
| Call number suffix | OUR |
| Withdrawn status | Lost status | Not for loan | Collection code | Home library | Current library | Date acquired | Source of acquisition | Cost, normal purchase price | Full call number | Barcode | Copy number | Koha item type |
|---|---|---|---|---|---|---|---|---|---|---|---|---|
| Non-fiction | Central Library | Central Library | 19/02/2025 | DBAD | 65.00 | 181.499 OUR | EN-127392 | 1 | English Books |
